000 00778cab a2200181 4500
001 L136165
008 070116n2007 000 0 eng u
035 _a(Sirsi) u136165
041 0 _aeng
245 0 0 _aSurvey
_bBenelux
260 _c2007
490 0 _aEuroProperty
_v15 January 2007, 31-36(6)
520 _aDiscusses the economic performance of Belgium, the Netherlands and Luxembourg in recent years, and how this has affected the office market. Confidence and job growth in the Netherlands is attracting foreign investment. Despite the increased level of vacancies in Brussels, investors still find the city's property market a safe investment.
590 _aKA
651 4 _aBENELUX
690 _aPROPERTY-COMMERCIAL PROPERTY-COMMERCIAL PROPERTY MARKET
942 _n0
999 _c78162
_d78162